| 000 | 00841nam a2200241 4500 | ||
|---|---|---|---|
| 999 |
_c5202 _d5202 |
||
| 003 | AR-CdUCM | ||
| 008 | 190312b ||||| |||| 00| 0 spa d | ||
| 040 |
_aMUNICIPALIDAD PROVINCIAL DEL CUSCO _cBIBLIOTECA MUNICIPAL DEL CUSCO |
||
| 082 |
_a305.42 / _bEN56 |
||
| 110 |
_aISIS Internacional _915777 |
||
| 245 | _aII Encuentro Feminista Latinoamericano y del Caribe / | ||
| 260 |
_aLima : _bISIS Internacional, _c1984. |
||
| 300 |
_a153 paginas ; _bIlustraciones, Fotos digitalizadas al libro, _c24cm. |
||
| 440 |
_aRevista de las Mujeres _n1 _915778 |
||
| 500 | _aColectivo coordinador de II encuentro | ||
| 505 | _aContenido: Opiniones acerca del encuentro -- Talleres | ||
| 650 |
_aEncuentro feminista _915779 |
||
| 650 |
_aHistoria _9136 |
||
| 650 |
_aLiteratura _983 |
||
| 650 |
_aSiglo XX _98 |
||
| 942 |
_2ddc _cLIBROS |
||
| 945 | _apjha | ||